[Event "Challenge"]
[Site "http://www.queenalice.com/game.php?id=1482752"]
[Date "2017.6.18"]
[Round "-"]
[White "Pool888"]
[Black "Vilnius"]
[Result "1-0"]
[WhiteElo "2217"]
[BlackElo "1214"]

1. e4 e5 2. Nf3 d6 3. d4 exd4 4. Nxd4 g6 5. Nc3 Bg7 6. Be3 c5 7. Ndb5 Bf8 8. Bf4
a6 9. Nxd6+ Bxd6 10. Qxd6 Qxd6 11. Bxd6 Be6 12. Bxc5 Nd7 13. Bd6 f5 14. exf5
Bxf5 15. O-O-O Ngf6 16. Bd3 Kf7 17. Bxf5 gxf5 18. Rhe1 Rhe8 19. Bg3 b5 20. a3
Rxe1 21. Rxe1 Re8 22. Rxe8 Kxe8 23. Ne2 Ne4 24. Nd4 Ndf6 25. Nxf5 Ng4 26. f3
Nxh2 27. Bxh2 Kd7 28. fxe4 1-0

[Event "Challenge"]
[Site "http://www.queenalice.com/game.php?id=1482753"]
[Date "2017.6.18"]
[Round "-"]
[White "Vilnius"]
[Black "Pool888"]
[Result "0-1"]
[WhiteElo "1364"]
[BlackElo "2218"]

1. d4 d5 2. Nf3 Nf6 3. Nc3 Bf5 4. Bf4 e6 5. a3 c5 6. e3 Nc6 7. Bb5 Qb6 8. O-O a6
9. Bxc6+ Qxc6 10. Ne5 Qc8 11. Re1 Be7 12. f3 O-O 13. e4 dxe4 14. fxe4 cxd4 15.
Na4 Bxe4 16. Nb6 Qxc2 17. Qxc2 Bxc2 18. Nxa8 Rxa8 19. Nf3 Bc5 20. h3 d3+ 21. Kh2
Nd5 22. Bd2 Re8 23. Re4 f5 24. Rc4 Bd6+ 25. g3 e5 26. Ne1 Bb3 27. Rcc1 e4 28.
Nxd3 exd3 29. Re1 Re2+ 30. Rxe2 dxe2 31. Kg2 f4 32. gxf4 Bxf4 33. Ba5 Bd1 34. a4
Ne3+ 35. Kf2 Nc4 36. Be1 Bd2 37. b4 Bxe1+ 38. Kxe1 Nb2 39. Ra3 Nxa4 40. Rd3 Nb2
41. Rd2 Nc4 42. Rd8+ Kf7 43. Rd7+ Kg6 44. Rxb7 Ne3 45. b5 Nc2+ 0-1

[Event "Challenge"]
[Site "http://www.queenalice.com/game.php?id=1484550"]
[Date "2017.7.2"]
[Round "-"]
[White "Pool888"]
[Black "Vilnius"]
[Result "1-0"]
[WhiteElo "2219"]
[BlackElo "1399"]

1. e4 Nc6 2. Nf3 e5 3. Bb5 Nd4 4. Nxd4 exd4 5. O-O Nf6 6. d3 c6 7. Bc4 d5 8.
exd5 Nxd5 9. Re1+ Be6 10. Nd2 Bb4 11. a3 Bxd2 12. Bxd2 O-O 13. Qf3 Qf6 14. Bxd5
Bxd5 15. Qxf6 gxf6 16. Bb4 Rfe8 17. Bc5 Re6 18. Bxd4 Kg7 19. Re3 Rxe3 20. fxe3
Kg6 21. e4 Be6 22. Rf1 f5 23. exf5+ Bxf5 24. Re1 a6 25. Re7 b5 26. Rc7 Re8 27.
Rxc6+ Kh5 28. h3 Re1+ 29. Kf2 1-0

[Event "AUTO-ELITE-1857"]
[Site "http://www.queenalice.com/game.php?id=1488182"]
[Date "2017.7.31"]
[Round "1"]
[White "danielglowinski"]
[Black "Pool888"]
[Result "1-0"]
[WhiteElo "2433"]
[BlackElo "2257"]

1. e4 c6 2. d4 d5 3. Nc3 g6 4. Nf3 Bg7 5. Ne5 Nf6 6. exd5 cxd5 7. Bb5+ Bd7 8.
Nxd7 Nbxd7 9. O-O O-O 10. Qf3 e6 11. Be3 Qb6 12. a4 a6 13. a5 Qd6 14. Bd3 b5 15.
Qf4 Ne8 16. Qg5 Bf6 17. Qg4 Qc6 18. Bh6 Bg7 19. Bxg7 Kxg7 20. Ne2 Nd6 21. Nf4
Nf6 22. Qe2 Nc4 23. b3 Nb2 24. Qe5 Nxd3 25. cxd3 Rac8 26. Nh5+ gxh5 27. Qg5+ Kh8
28. Qxf6+ Kg8 29. Rae1 1-0

[Event "AUTO-ELITE-1857"]
[Site "http://www.queenalice.com/game.php?id=1488183"]
[Date "2017.7.31"]
[Round "1"]
[White "Pool888"]
[Black "danielglowinski"]
[Result "0-1"]
[WhiteElo "2253"]
[BlackElo "2429"]

1. e4 e5 2. Nf3 Nc6 3. Bb5 a6 4. Ba4 Nf6 5. O-O b5 6. Bb3 Be7 7. d4 d6 8. c3 O-O
9. h3 Bb7 10. Nbd2 exd4 11. cxd4 Qd7 12. Re1 Na5 13. Bc2 h6 14. Nf1 Nc4 15. Ng3
Rfe8 16. b3 Nb6 17. Bb2 a5 18. a3 a4 19. b4 Nc4 20. Bc3 g6 21. Nd2 h5 22. Nxc4
bxc4 23. e5 Qc6 24. f3 Nd5 25. Ne2 Bh4 0-1

[Event "AUTO-ELITE-1857"]
[Site "http://www.queenalice.com/game.php?id=1488188"]
[Date "2017.7.31"]
[Round "1"]
[White "BEBADO"]
[Black "Pool888"]
[Result "0-1"]
[WhiteElo "2334"]
[BlackElo "2246"]

1. e4 c6 2. d4 d5 3. e5 Bf5 4. Nf3 e6 5. Be2 Bb4+ 6. c3 Ba5 7. O-O Nd7 8. Bf4
Bc7 9. Re1 h6 10. Bd3 Ne7 11. Bxf5 Nxf5 12. g4 Nh4 13. Nxh4 Qxh4 14. Bg3 Qe7 15.
b4 a5 16. a3 axb4 17. cxb4 Nb6 18. Nd2 O-O 19. Qc2 Ra4 20. Nb3 Nc4 21. Nc5 Rxa3
22. Rxa3 Nxa3 23. Qd3 Nb5 24. Nxb7 Qxb4 25. Rd1 Nxd4 0-1

[Event "AUTO-ELITE-1857"]
[Site "http://www.queenalice.com/game.php?id=1488189"]
[Date "2017.7.31"]
[Round "1"]
[White "Pool888"]
[Black "BEBADO"]
[Result "0-1"]
[WhiteElo "2261"]
[BlackElo "2316"]

1. e4 c5 2. Nf3 e6 3. d4 cxd4 4. Nxd4 Nf6 5. Nc3 d6 6. Be3 a6 7. f3 b5 8. Qd2
Be7 9. g4 Bb7 10. O-O-O Qc7 11. Bxb5+ axb5 12. Ndxb5 Qc6 13. Nxd6+ Bxd6 14. Qxd6
Qxd6 15. Rxd6 Nfd7 16. Rhd1 Ra6 17. Rxa6 Bxa6 18. b4 Ke7 19. b5 Bb7 20. Bf4 Rc8
21. Kb2 Nb6 22. Bxb8 Rxb8 23. a4 Ra8 24. Kb3 f5 25. gxf5 exf5 26. Kb4 fxe4 27.
fxe4 Nd7 28. Nd5+ Bxd5 29. exd5 Kd6 30. c4 g5 31. Re1 Nc5 32. Ra1 g4 33. a5 h5
34. a6 h4 35. Rg1 Nd3+ 36. Ka5 Ne5 37. Kb6 Nxc4+ 38. Kb7 Rg8 39. a7 Na5+ 40. Ka6
Nb3 41. Kb6 Nc5 42. Rxg4 Nd7+ 43. Ka5 Rxg4 44. b6 Nxb6 45. Kxb6 Ra4 0-1

[Event "Challenge"]
[Site "http://www.queenalice.com/game.php?id=1488208"]
[Date "2017.7.31"]
[Round "-"]
[White "Vilnius"]
[Black "Pool888"]
[Result "0-1"]
[WhiteElo "1668"]
[BlackElo "2254"]

1. d4 d5 2. h3 Nf6 3. Nc3 g6 4. e3 Bg7 5. Nf3 O-O 6. Bd3 c5 7. dxc5 Nbd7 8. O-O
Nxc5 9. Rb1 Nxd3 10. cxd3 e6 11. d4 Bd7 12. Ne5 b5 13. b4 Ne8 14. Nxd7 Qxd7 15.
f4 Nd6 16. h4 Nc4 17. h5 Rfc8 18. hxg6 hxg6 19. Ne2 a5 20. bxa5 Rxa5 21. Qb3 Bf8
22. Ra1 Rca8 23. Nc3 b4 24. Ne2 Qa7 25. e4 Rxa2 26. Rxa2 Qxa2 27. Qxa2 Rxa2 28.
f5 Rxe2 29. fxg6 fxg6 30. exd5 exd5 31. Bf4 b3 32. Rb1 b2 33. Bc1 Re1+ 0-1

[Event "Challenge"]
[Site "http://www.queenalice.com/game.php?id=1488209"]
[Date "2017.7.31"]
[Round "-"]
[White "Pool888"]
[Black "Vilnius"]
[Result "1-0"]
[WhiteElo "2253"]
[BlackElo "1655"]

1. e4 e5 2. Nf3 Nc6 3. Bb5 Bd6 4. O-O h6 5. c3 Qf6 6. d4 Nge7 7. Nbd2 exd4 8.
Nc4 Ne5 9. Ncxe5 Bxe5 10. cxd4 Bf4 11. e5 Qb6 12. Bxd7+ Bxd7 13. Bxf4 Nd5 14.
Bc1 O-O-O 15. b3 g5 16. Bb2 g4 17. Nd2 h5 18. Nc4 Qg6 19. Ne3 Bc6 20. Nxd5 Bxd5
21. Re1 h4 22. Re3 Rhg8 23. Qd3 Qc6 24. Rc1 Qe6 25. Qc2 c6 26. a4 h3 27. g3 Bg2
28. b4 Kb8 29. Qc4 Bd5 30. Qc5 b6 31. Qc2 Rc8 32. Kf1 c5 33. dxc5 Qc6 34. Rc3
Bh1 35. cxb6 Qe4 36. Rxc8+ 1-0

[Event "Challenge"]
[Site "http://www.queenalice.com/game.php?id=1491327"]
[Date "2017.8.23"]
[Round "-"]
[White "Vilnius"]
[Black "Pool888"]
[Result "1/2-1/2"]
[WhiteElo "1692"]
[BlackElo "2255"]

1. g3 e5 2. e4 Nf6 3. Bg2 Bc5 4. d3 O-O 5. Bg5 h6 6. Bxf6 Qxf6 7. Qf3 Qb6 8. b3
Nc6 9. c3 d6 10. Bh3 f5 11. Bxf5 Bxf5 12. exf5 g6 13. f6 Rf7 14. Nd2 a5 15. Ne4
Raf8 16. Nh3 d5 17. Nxc5 Qxc5 18. O-O Rxf6 19. Qe3 Qxe3 20. fxe3 d4 21. exd4
exd4 22. c4 Nb4 23. Nf2 Nc2 24. Ne4 Rxf1+ 25. Rxf1 Nb4 26. Rxf8+ Kxf8 27. Nc5
Nxa2 28. Nxb7 Nb4 29. Nxa5 c5 30. Nb7 Nxd3 31. Kf1 Ke7 32. Ke2 Nc1+ 33. Kd2
Nxb3+ 34. Kc2 Na1+ 35. Kb2 d3 36. Kc3 d2 37. Kxd2 Nb3+ 38. Kc3 Nd4 39. Nxc5
1/2-1/2

[Event "Challenge"]
[Site "http://www.queenalice.com/game.php?id=1491329"]
[Date "2017.8.23"]
[Round "-"]
[White "Pool888"]
[Black "Vilnius"]
[Result "1-0"]
[WhiteElo "2244"]
[BlackElo "1746"]

1. e4 e5 2. Nf3 d6 3. d4 exd4 4. Nxd4 Nf6 5. Nc3 a6 6. Be2 Nc6 7. Be3 Nxd4 8.
Bxd4 Be6 9. Qd2 c5 10. Be3 d5 11. exd5 Nxd5 12. O-O-O Nxe3 13. Qxe3 Qa5 14. Bg4
Qb6 15. Rhe1 Rd8 16. Rxd8+ Kxd8 17. Bxe6 Qxe6 18. Qxe6 fxe6 19. Rxe6 Kd7 20. Re2
g6 21. Nd5 Bd6 22. c4 Bxh2 23. g3 h5 24. Re7+ Kd6 25. Rxb7 Bg1 26. Rb6+ Ke5 27.
f4+ Kd4 28. b3 Re8 29. Rxg6 Re1+ 30. Kb2 Re2+ 31. Ka3 Bf2 32. f5 a5 33. f6 Be1
34. f7 Bb4+ 35. Ka4 Rxa2+ 36. Kb5 Rf2 37. Rf6 1-0

[Event "Challenge"]
[Site "http://www.queenalice.com/game.php?id=1498540"]
[Date "2017.10.12"]
[Round "-"]
[White "tucuman"]
[Black "Pool888"]
[Result "0-1"]
[WhiteElo "1897"]
[BlackElo "2251"]

1. e4 c6 2. d4 d5 3. e5 Bf5 4. Nc3 e6 5. h3 c5 6. Nf3 Nc6 7. Be3 cxd4 8. Nxd4
Nge7 9. Nxc6 Nxc6 10. Bf4 Bb4 11. Bb5 d4 12. Bxc6+ bxc6 13. O-O dxc3 14. Qxd8+
Rxd8 15. bxc3 Bxc3 16. Rac1 Rd5 17. g4 Bg6 18. h4 h6 19. g5 hxg5 20. hxg5 Bxe5
21. Bxe5 Rxe5 22. f4 Re2 23. Rb1 O-O 24. Rb2 Rd8 25. a4 Rdd2 26. Rc1 Rg2+ 27.
Kf1 Bd3+ 28. Ke1 Rde2+ 29. Kf1 Rxc2+ 30. Ke1 Rg1# 0-1

[Event "Challenge"]
[Site "http://www.queenalice.com/game.php?id=1498544"]
[Date "2017.10.12"]
[Round "-"]
[White "Pool888"]
[Black "tucuman"]
[Result "1-0"]
[WhiteElo "2252"]
[BlackElo "1883"]

1. e4 e5 2. Nf3 d6 3. d4 exd4 4. Nxd4 Nd7 5. Nc3 Ngf6 6. Bg5 Be7 7. f3 h6 8. Bh4
a6 9. Bc4 Nb6 10. Bb3 O-O 11. Qd2 Nh7 12. Bf2 Bf6 13. h4 c5 14. Nde2 c4 15. Ba4
Bxc3 16. Nxc3 Nxa4 17. Nxa4 Be6 18. Nb6 Rb8 19. O-O-O c3 20. Qxc3 f6 21. Qd3 Qc7
22. Qxd6 Qxd6 23. Rxd6 Bxa2 24. b3 Rfd8 25. Rhd1 Rxd6 26. Rxd6 Nf8 27. Kb2 Bxb3
28. Kxb3 Ng6 29. h5 Ne7 30. Bg3 Nc6 31. Rxc6 Rd8 32. Rc8 Rxc8 33. Nxc8 1-0

[Event "AUTO-ELITE-1887"]
[Site "http://www.queenalice.com/game.php?id=1498552"]
[Date "2017.10.12"]
[Round "1"]
[White "Pool888"]
[Black "Anusha"]
[Result "0-1"]
[WhiteElo "2273"]
[BlackElo "2219"]

1. e4 e6 2. d4 d5 3. Nc3 Nf6 4. e5 Nfd7 5. f4 c5 6. Nf3 Nc6 7. Be3 cxd4 8. Nxd4
Nxd4 9. Bxd4 Bc5 10. Bb5 O-O 11. Bxc5 Nxc5 12. Qd4 Qc7 13. Be2 b6 14. Nb5 Qe7
15. Nd6 Ba6 16. Bxa6 Nxa6 17. O-O Nc5 18. c4 Nb7 19. Nxb7 Qxb7 20. cxd5 Qxd5 21.
Qxd5 exd5 22. Rfd1 Rfd8 23. Rac1 Rd7 24. Kf2 Kf8 0-1

[Event "AUTO-ELITE-1887"]
[Site "http://www.queenalice.com/game.php?id=1498553"]
[Date "2017.10.12"]
[Round "1"]
[White "Anusha"]
[Black "Pool888"]
[Result "1-0"]
[WhiteElo "2224"]
[BlackElo "2243"]

1. d4 d5 2. Nf3 Nf6 3. Bf4 c5 4. e3 Nc6 5. c3 Qb6 6. Qc1 Bf5 7. Be2 e6 8. Nbd2
Be7 9. dxc5 Qxc5 10. h3 h6 11. O-O O-O 12. Qd1 Qb6 13. Qb3 Qxb3 14. axb3 a6 15.
b4 Rfc8 16. b5 axb5 17. Bxb5 Nd7 18. Nb3 1-0

[Event "AUTO-ELITE-1887"]
[Site "http://www.queenalice.com/game.php?id=1498554"]
[Date "2017.10.12"]
[Round "1"]
[White "Pool888"]
[Black "Diemerlin"]
[Result "0-1"]
[WhiteElo "2207"]
[BlackElo "2271"]

1. e4 d5 2. exd5 Nf6 3. d4 Bg4 4. Bb5+ Nbd7 5. f3 Bf5 6. Nc3 a6 7. Ba4 b5 8. Bb3
Nb6 9. Nge2 Nfxd5 10. Ne4 e6 11. N2g3 Be7 12. O-O Bg6 13. c3 O-O 14. f4 Re8 15.
f5 exf5 16. Nxf5 a5 17. Nxe7+ Rxe7 18. Bg5 Bxe4 0-1

[Event "AUTO-ELITE-1887"]
[Site "http://www.queenalice.com/game.php?id=1498555"]
[Date "2017.10.12"]
[Round "1"]
[White "Diemerlin"]
[Black "Pool888"]
[Result "0-1"]
[WhiteElo "2295"]
[BlackElo "2260"]

1. e4 c6 2. d4 d5 3. exd5 cxd5 4. Bd3 Nc6 5. c3 g6 6. Nf3 Bg7 7. Bf4 Nh6 8. O-O
O-O 9. h3 f6 10. c4 Qb6 11. Nc3 e5 0-1

[Event "AUTO-MASTER-2603"]
[Site "http://www.queenalice.com/game.php?id=1502212"]
[Date "2017.11.5"]
[Round "2"]
[White "orionchess"]
[Black "Pool888"]
[Result "1-0"]
[WhiteElo "2232"]
[BlackElo "2230"]

1. d4 d5 2. e3 Nf6 3. Bd3 c5 4. c3 Nc6 5. f4 g6 6. Nd2 Bg7 7. Ngf3 O-O 8. O-O
cxd4 9. exd4 Bg4 10. Qc2 e6 11. Ne5 Bf5 12. h3 Bxd3 13. Qxd3 a6 14. b3 Rc8 15.
Ba3 Re8 16. Bb2 1-0

[Event "AUTO-MASTER-2603"]
[Site "http://www.queenalice.com/game.php?id=1502213"]
[Date "2017.11.5"]
[Round "2"]
[White "Pool888"]
[Black "orionchess"]
[Result "0-1"]
[WhiteElo "2218"]
[BlackElo "2244"]

1. e4 e5 2. Nf3 Nc6 3. Bb5 f5 4. Nc3 Nf6 5. exf5 e4 6. Nh4 d5 7. d3 a6 8. Ba4 b5
9. Bb3 Be7 10. O-O Na5 11. Bxd5 c6 12. Bxe4 O-O 13. Nf3 Nd5 14. Bxd5+ cxd5 15.
Bd2 Bxf5 16. Nd4 Qd7 17. Nxf5 Qxf5 18. Nxd5 Qxd5 19. Bxa5 b4 20. Bc7 Rac8 21.
Bg3 Bf6 0-1

[Event "AUTO-MASTER-2603"]
[Site "http://www.queenalice.com/game.php?id=1502216"]
[Date "2017.11.5"]
[Round "2"]
[White "Pool888"]
[Black "CCapivara"]
[Result "1-0"]
[WhiteElo "2246"]
[BlackElo "2207"]

1. e4 d6 2. d4 Nf6 3. Nc3 c6 4. f4 Qa5 5. Bd3 e5 6. Nf3 Bg4 7. Be3 Nbd7 8. O-O
Be7 9. h3 Bxf3 10. Qxf3 O-O 11. Ne2 Rad8 12. a3 Qc7 13. Ng3 Rde8 14. Nf5 g6 15.
fxe5 dxe5 16. Bh6 Kh8 17. Nxe7 1-0

[Event "AUTO-MASTER-2603"]
[Site "http://www.queenalice.com/game.php?id=1502217"]
[Date "2017.11.5"]
[Round "2"]
[White "CCapivara"]
[Black "Pool888"]
[Result "0-1"]
[WhiteElo "2165"]
[BlackElo "2251"]

1. e4 c6 2. d4 d5 3. exd5 cxd5 4. Nf3 Nf6 5. Bd3 Nc6 6. O-O Bg4 7. c3 e6 8. Bg5
Be7 9. Nbd2 O-O 10. Qa4 Bh5 11. Rfe1 Bg6 12. Bxg6 hxg6 13. Ne5 Nxe5 14. Rxe5 Qc7
15. Rae1 Bd6 16. Bxf6 gxf6 17. R5e3 Bxh2+ 18. Kf1 Bf4 19. Rd3 Bxd2 20. Rxd2 Kg7
21. g3 Rh8 22. Kg2 Rh5 23. Rh1 Rxh1 24. Kxh1 Rh8+ 25. Kg2 a6 26. Rd1 f5 27. Rh1
Rxh1 28. Kxh1 f4 29. Kg2 fxg3 30. fxg3 Qc4 31. Qxc4 dxc4 32. Kf3 f5 33. Ke3 Kf6
34. Kf4 g5+ 35. Ke3 e5 36. b3 exd4+ 37. cxd4 cxb3 38. axb3 a5 39. Kd3 b5 0-1